Has Anyone Ever Done It #2 - Statistics

General Stats
  • This quiz has been taken 47,228 times
  • The average score is 12 of 15
Answer Stats
Question Answer % Correct
Been able to lick their nose with their tongue, without surgery Yes
96%
Been struck by lightning twice Yes
95%
Refused a Nobel Prize Yes
91%
Given birth to more than 20 surviving children? Yes
90%
Lived to 150 years old No
89%
Cloned a human No
87%
Given birth while serving as Pope No
86%
Dunked in a WNBA basketball game Yes
86%
Run a mile (1.609 km) in less than 4 minutes Yes
80%
Climbed Mount Everest without supplemental oxygen Yes
72%
Captured a giant squid and put it in an aquarium No
63%
Seen the dark side of the moon Yes
63%
Escaped from ADX Florence, America's only "Supermax" prison No
62%
Been hit by a meteorite Yes
61%
Shot a birdie or better on every hole in a round of golf on a regulation 18 hole course No
29%
No matching quizzes found
Score Distribution
Percent of People with Each Score
Percentile by Number Answered
Your Score History
You have not taken this quiz